00601nam a22001697a 4500010001500000020002600015035001400041037001300055082001300068245016300081260003700244270006500281300002600346700001900372700001500391700002500406 aENG-120532 a9789381899564c100.00 aEN-104064 bDBPD/PUB a658.4063 aOpportunities for innovation and sustainability in the present challenging world of business/s /cedited by Nirmala Mohan, M. Menaka [and] Shirley Devakirubai aChennaibSakthi Publishersc2016 aNo. 12, Anna Street, Chitlapkkam, ChennaibTamilnadue600064 aviii,72p.b22cm(pbk). aMohan, Nirmala aMenaka, M. aDevakirubai, Shirley